[Event "World-ch Tournament"]
[Site "Mexico City"]
[Date "2007.09.27"]
[Round "12"]
[White "Morozevich, Alexander"]
[Black "Grischuk, Alexander"]
[Result "1-0"]
[WhiteElo "2758"]
[BlackElo "2726"]
[Annotator "Marin,M"]
[PlyCount "83"]
[EventDate "2007.09.13"]
[EventType "tourn"]
[EventRounds "14"]
[EventCountry "MEX"]
[EventCategory "21"]
[SourceTitle "CBM 120"]
[Source "ChessBase"]
[SourceDate "2007.10.02"]
[SourceVersion "1"]
[SourceVersionDate "2007.10.02"]
[SourceQuality "1"]

1. c4 Nf6 2. Nc3 e5 3. Nf3 Nc6 4. d3 $5 ({Of course. Morozevich is not
interested in long theoretical disputes after the ever fashionable Por
supuesto. Morozevich no está interesado en discuciones teóricas largas después
de la siempre de moda} 4. g3) 4... d5 5. cxd5 Nxd5 6. e4 Nf6 {The position is
typical for the Boleslavsky Sicilian (1.e4 c5 2.Nf3 Nc6 3.d4 cxd4 4.Nxd4 Nf6 5.
Nc3 d6 6.Be2 e5 7.Bb3), but with reversed colours. The system is considered to
offer Black excellent chances in the Sicilian, and the extra tempo should make
the position suitable for ambitious play with White in the English Opening. It
should be said however, that Black could eventually get his tempo back by
playing the active ...Bc5 in just one move (which explains why Grischuk played
...Nf6 instead of ...Nb6, leaving the b6-square available for the bishop). La
posición es típica para la variante de Boleslavsky de la Siciliana (2.Nf3 Nc6
3.d4 cxd4 4.Nxd4 Nf6 5.Nc3 d6 6.Be2 e5 7.Bb3), pero con colores inversados. En
la Siciliana, se considera que las negras tienen cómodo juego, porlo que el
tiempo de mas de las blancas en la Inglesa tendría que ofrecerles buenas
posibilidades para mantener la tensión. Sin embargo, cabe decir que las negras
tienen la posibilidad de recuperar el tiempo de menos jugando ...Bc5 en una
sola jugada, lo que explica porque Grischuk ha dejado la casilla de b6 libre,
retirando con el caballo a f6.} ({In the Sicilian, White rarely goes for the
pawn structure arising after} 6... Nxc3 7. bxc3 {at such an early stage.
However, Black's opening ambitions in the English Opening can be more moderate
(easy equality is as good as a feast). Besides, after} Bc5 {the missing tempo
is relative, because the bishop is better placed on c5 than on e7.} 8. Be2 O-O
9. O-O Kh8 10. Rb1 Rb8 11. Nxe5 $5 {One of the very few ways to muddy the
waters, but not really sufficient.} Nxe5 12. d4 Bd6 13. dxe5 Bxe5 14. Qa4 Bd7
15. Qxa7 b6 16. Qa3 Bc6 17. Qb4 Re8 18. Bb5 Bxb5 19. Qxb5 Bxc3 20. Qc4 {
1/2-1/2 Tal,M (2600)-Chernin,A (2565)/Sochi 1986/MCL}) (6... Nb6 7. Be2 Be7 {
has been played, too at grandmaster level. The significance of White's
extra-tempo is relative.} 8. Be3 (8. O-O O-O 9. a4 a5 10. Be3 f5 11. Rc1 ({
More active looks} 11. Qb3+ Kh8 12. Nb5 f4 13. Bd2 {[%cal Yd2c3,Ya1c1,Yf1d1] .
Now, in case of} Bb4 {White can discourage Black from exchanging bishops with}
14. Bc3 $5) 11... f4 12. Bd2 Bb4 13. Nb5 Bxd2 14. Nxd2 Kh8 15. h3 Be6 16. Nf3
Bg8 {Agdestein,S (2610)-Ivanchuk,V (2705)/Tilburg 1993/CBM 039 (0-1, 44)} 17.
d4 $11 {With reversed colours, this would be an entirely satisfactory position
for Black, but here the weakness of the a4-pawn does not entitle White to hope
for an advantage.}) 8... O-O 9. O-O f5 10. exf5 Bxf5 11. Ne4 ({Again, the
Sicilian freeing move is out of the question, because it leads to plain
equality after simplifications.} 11. d4 $11) ({From the days I used to play
the Sicilian with Black, I remember this plan designed by Portisch:} 11. Rc1
Qe8 12. Ne1 Rd8 13. Bh5 Qd7 14. Bf3 {[%cal Yf3e4,Ge1f3]}) 11... Qd5 12. Qc2
Rac8 13. a3 a5 14. Rac1 Nd4 15. Bxd4 exd4 16. Nfd2 Rfd8 17. Bf3 Qb5 18. Rfe1
$13 {Spraggett,K (2575)-Lautier,J (2450)/Correze 1989/EXT 97 (0-1, 39). If you
like playing the Najdorf very much, you will probably feel delighted with this
position. Objectively, chances are about equal.}) 7. Be2 ({The prophylactic
move} 7. h3 {is sometimes played. Here is a recent example:} Bc5 8. Be2 O-O 9.
O-O Re8 10. a3 Nd4 {Simple chess. Black occupies the central square.} 11. Bg5
c6 12. Nxd4 Bxd4 13. Qc2 h6 14. Bh4 Qd6 15. Rad1 Nh7 {[%cal Yh7g5,Yg5e6]} 16.
Bh5 g6 17. Be2 h5 (17... Ng5 18. Qc1 $1 {[%csl Gg5,Gh6]}) 18. Qd2 Be6 19. Bf3
Bb6 20. Bg3 Rad8 21. Qc2 Bc8 $11 {Jobava,B (2596)-Ivanchuk,V (2710)/Rethymnon
2003/CBM 098 (1/2-1/2, 67). Black has regrouped most of his forces in the
optimal way and faces no problems. The only detail he has to solve is the
activation of his knight, but this would mean obtaining an advantage already.})
7... Bg4 8. O-O Bxf3 9. Bxf3 Nd4 10. g3 {Morozevich chooses a slow plan.} ({
With reversed colours, Black would play something simpler:} 10. Be3 Bc5 (10...
Be7 11. Bxd4 Qxd4 12. Ne2 $5 {[%cal Yd3d4] leaves White with chances for some
initiative.}) 11. Nb5 O-O 12. Rc1 {. In the English opening, one would fear
that this leads to excessive simplifications after} Nxf3+ 13. Qxf3 Bxe3 14.
Qxe3 c6 15. Nc3 $11) 10... Bc5 11. Bg2 O-O ({Maybe it would have been worth
spending a tempo on Tal vez merecía la pena gastar un tiempo en} 11... a6 $5 {
, maintaining the stability of the bishop along the important g1-a7 diagonal. ,
manteniendo la estabilidad del alfil en la diagonal g1-a7.}) 12. Na4 Bb6 13.
Be3 Qd6 14. f4 Nd7 15. Kh1 Rad8 16. Rc1 {A very complex position has arisen.
At first sight, it might seem that Black has a stable domination on the dark
squares. However, White exerts strong pressure against the critical d4- and
e5- squares and can incresae it with such moves as Bh3 and Qh5. Una posición
muy compleja. Parece que las negras tienen fuerte dominación en casillas
negras. Sin embargo, las blancas ejercen fuerte presión sobre las importantes
casillas de d4 y e5 y la pueden aumentar con Qh5 y Bh3.} Nc6 $6 ({This
voluntary retreat, carried out with the obvious aim of "winning" the d3-pawn,
is in fact a concession, allowing White to activate his play. More consistent
would have been Esta retirada voluntaría, con el propósito declarado de
"ganar" el peón de d3, permite a las blancas activar sus figuras.Mas
consecuente hubiera sido} 16... c6 {, for instance , por ejemplo} 17. Nxb6 axb6
18. Qh5 f6 19. Bh3 Nc5 {with a stable position for Black, despite White's two
bishops. True, if White feels uncomfortable, he can force a draw already with
con posición estable de las negras, a pesar de la pareja de alfiles blancos.
Es verdad que, en caso de sentirse incómodo, las blancas podían haber forzado
las tablas con} 20. Bxd4 Qxd4 21. Bf5 g6 22. Bxg6) 17. Nxb6 axb6 18. Rc3 Nc5
19. a3 Nxd3 20. Qc2 Nc5 {Practically forced, because of the threat Rd1.
Practicamente forzado, por la amenaza Rd1.} 21. Bxc5 bxc5 22. Rxc5 {This is
probably the position both players have been aiming for. Again, a superficial
look would suggest that Black is doing very fine, because his knight would be
so much stronger than the bishop, if just installed on d4. However, after the
unnecessary retreat on the 16th move, it is not so easy to jump back to the
centre, because of White's increased pressure over the c7- and e5-squares.
Esta es la posición a la que habían aspirado llegar ambos jugadores. De nuevo,
una mirada superficial sugiere que las negras están muy bien, porque, una vez
instalado en d4, su caballo será mucho más fuerte que el alfil. En realidad,
después de 16...Nc6, no será nada fácil volver en el centro, por la fuerte
presión de las blancas sobre las casillas de e5 y c7.} Rfe8 $6 ({Grischuk
wants to carry out his plan in pure form, but he will not be in time for it.
He should probably have played Grischuk quiere llevar a cabo su plan en forma
perfecta, pero no habrá tiempo por ello. Era mejor jugar} 22... Nd4 {anyway,
for instance en cualquíer condiciones, por ejemplo} 23. fxe5 Qb6 24. Qc3 c6 {
and White's extra-pawn might be of little relevance, while Black's regrouping
looks acceptable. y el peón de las blancas no tiene de momento demasiada
importancía, mientras que la reagrupación de las negras es aceptable.}) 23. Rd5
Qe7 24. Qb3 $36 {Suddenly, White has strong pressure now. Even the apparently
passive bishop is very useful, by indirectly sustaining the d5-rook. De
repente, las blancas tienen fuerte presión. El aparentemente pásivo alfil
resulta útil al consolidar la posición central de la torre.} exf4 {The
complicatons initiated by this move will prove favourable for White.} 25. Qxb7
Rxd5 26. exd5 Nd4 27. Rxf4 $16 Qc5 28. Rf1 g6 29. Qa6 Re2 30. d6 cxd6 31. b4
Qc2 32. Qxd6 Nf5 33. Qd8+ Kg7 34. Qd5 {Black's activity is not too threatening.
Besides, his own king is vulnerable, too. Grischuk went down quickly during
the remaining moves until the time control. La actividad de las negras no es
demasiado amenazadora. Además, su rey es débil, también. En las jugadas que
quedan hasta el control, Grischuk se irá hacía abajo rapidamente.} Qb2 $6 35.
g4 $1 Rd2 36. Qf3 Nd6 37. h3 f5 $6 38. Qg3 Qc2 $2 39. gxf5 Nxf5 40. Rxf5 $1
Rxg2 ({Grischuk might have relied on this intermediate move, failing to notice
that he will fall under decisive attack. Anyway, Es posile que Grischuk había
confíado en esta jugada, pasando por alto el hecho de que su rey será expuesto
a un ataque decisivo. De toda forma,} 40... Qxf5 {would drop the rook to
perdería la torre después de} 41. Qc3+) 41. Qe5+ Kh6 42. Qe3+ 1-0

[Event "Norway Chess 7th"]
[Site "Stavanger"]
[Date "2019.06.06"]
[Round "3"]
[White "Mamedyarov, Shakhriyar"]
[Black "Aronian, Levon"]
[Result "0-1"]
[WhiteElo "2774"]
[BlackElo "2752"]
[Annotator "Marin,M"]
[PlyCount "62"]
[EventDate "2019.06.04"]
[EventType "tourn"]
[EventRounds "9"]
[EventCountry "NOR"]
[EventCategory "22"]
[SourceTitle "CBM 191"]
[Source "ChessBase"]
[SourceDate "2019.08.31"]
[SourceVersion "1"]
[SourceVersionDate "2019.08.31"]
[SourceQuality "1"]

{[%evp 0,62,20,-12,-5,0,-6,-6,-16,-31,-31,-26,-13,-37,-18,-18,-24,-24,-24,-24,
-34,-34,20,20,14,14,17,5,-2,0,14,-7,19,38,78,22,39,39,51,-36,-43,-25,-42,-50,
-51,-52,-52,-37,-44,-53,-34,-39,-42,-42,-33,-33,-38,-38,20,-125,-108,-125,-138,
-331,-338]} 1. c4 e5 2. Nc3 Nf6 3. Nf3 Nc6 4. e3 $5 ({Deviating from the
heavily analyzed main line} 4. g3 {. But there are some big theory after the
last move, too.}) 4... Bb4 5. Qc2 Bxc3 $5 {For decades, this has been
considered Black's best chance for equalizing, and quite a reliable one. All
these systems with ...Bb4 should be compared with similar positions from the
Nimzoindian in order to get a full picture. In this case, the last exchange
would be considered premature after Qc2 as Black usually wishes to induce the
waste of time a2-a3, which also weakens the light squares.} ({But in this line,
if} 5... O-O {White can turn things more dynamic with} 6. Nd5 {Here are just
two recent examples.} Re8 7. Ng5 (7. Qf5 Be7 $5 {Introduced by Kortschnoj in
1977, this moves aims at maintaining the structural integrity after the
exchange on f6, while hoping to get enough compensation for the pawn in view
of his light advance in development.} 8. Nxe5 Nb4 9. Nxb4 Bxb4 10. Nf3 d5 11.
Qd3 Bf8 12. Be2 c5 13. O-O b6 14. b3 Bb7 15. Bb2 {Even if White has moved a
lot with his queen, his development is reasonable, casting some doubt about
Black's compensation, So,W (2776)-Melkumyan,H (2660) Douglas 2018 (½-½, 27)})
7... g6 8. h4 Bf8 9. a3 h6 10. Nxf6+ Qxf6 11. Ne4 Qe6 12. h5 {with certain
initiative in Harika,D (2504)-Kosteniuk,A (2557) Huaian 2017 (½-½, 59)}) 6.
Qxc3 Qe7 7. d4 {Everything logical. If White delays this move, Black could
become ambitious in the centre with ...d7-d5 himself. The plot is relatively
typical for the 4.Qc2 Nimzoindian. White has more space and two bishops, but
Black is better developed, having two active knights.} Ne4 8. Qd3 exd4 9. Nxd4
O-O {The most ambitious move. Black intends to use his advance in development
and the active knight on e4 for building up a kingside attack.} (9... Qb4+ {
is an obstinate way to fight for a draw, with reasonable chances to actually
achieve it:} 10. Bd2 Qxd2+ 11. Qxd2 Nxd2 12. Kxd2 d6 (12... Nxd4 13. exd4 d6
14. Re1+ Kd8 15. Bd3 $14 {also offers White some light endgame initiative.})
13. Nxc6 bxc6 14. c5 ({Gaining space with} 14. b4 $5 {may be a better way to
keep a slight advantage.}) 14... a5 15. Kc3 Be6 16. Be2 Kd7 {Black had little
to fear in So,W (2765)-Navara,D (2738) Saint Louis 2019 (½-½, 41)}) 10. Be2
Nxd4 (10... Qb4+ {does not force the exchanges anymore as White has} 11. Kf1 {
Aronian must have not been entirely content about the opening's outcome in an
earlier game of his:} Qe7 12. f3 Nc5 13. Qd2 d6 14. b4 Nxd4 15. exd4 Nd7 16.
Bb2 d5 17. c5 Qh4 18. g3 Qh3+ 19. Kf2 c6 {In So,W (2765)-Aronian,L (2765)
Kolkata 2018 (½-½, 75) White could have consolidated his advantage, based on
the two bishops and more space, with} 20. Bf1 Qh5 21. Re1 $16 {[%cal Gh2h4]})
11. Qxd4 (11. exd4 {is inoffensive for several reasons. The most coherent line
is} Re8 12. O-O d5 13. cxd5 (13. c5 Nxc5 $1) 13... Nf6 14. Bf3 Qd6 {retrieving
the pawn with a solid blockade, as if} 15. Qb3 Bg4 $1) 11... b6 ({The check} 
11... Qb4+ {is as earlier an alternative:} 12. Kf1 Qe7 13. f3 Nc5 14. Bd2 d6
15. Bc3 f5 16. Kf2 a5 17. Rhe1 Bd7 18. b3 Bc6 19. Bf1 b6 20. Kg1 Rae8 21. Rab1
Qg5 {Black's perfect coordination and kingside pressure eventually matched
White's two bishops in Duda,J (2738)-Harikrishna,P (2725) St Petersburg 2018 
(½-½, 87)}) 12. O-O $146 ({Castling long offers Black a clearer target:} 12.
f3 Nc5 13. h4 Bb7 14. Bd2 f5 15. h5 h6 16. O-O-O Rae8 17. Rde1 Rd8 $5 {AFter
the white rook has left the d-file, preparing ...d7-d5 makes sense.} 18. Qh4
Qf7 19. Rhg1 Ne6 20. Bc3 d5 21. Rd1 f4 {with initiative in Jumabayev,R (2604)
-Vitiugov,N (2720) Caleta 2019 (0-1, 51)}) 12... Bb7 13. Rd1 $5 {At this
height of the game, the other rook seems to belong to d1.} ({But if} 13. b3 a5
14. Bb2 f5 {followed by ...Rae8 Black does not have immediate worries.}) 13...
d6 {A curious decision.} (13... Qh4 $11 {would have more or less forced the
rook to return to f1 as if} 14. g3 $6 Qh3 {Black has the initiative:} 15. Qxd7
(15. f3 Nxg3 16. hxg3 Qxg3+ 17. Kf1 Bxf3 18. Bxf3 Qxf3+ 19. Ke1 Rae8 {offers
at least enough compensation for the bishop.}) 15... Nxf2 $1 16. Qxh3 (16. Kxf2
{leads to disaster:} Qxh2+ 17. Kf1 Rad8 18. Qxd8 Bg2+ 19. Ke1 Qg1+ {wins the
queen.}) 16... Nxh3+ 17. Kf1 Ng5 $15) 14. f3 Ng5 15. b4 {White's experiment on
move 13 has been crowned by success as his attack develops faster than Black's.
} Rae8 ({It would have been safer to slow down White's initiative with} 15...
a5 16. a3 f5 {but in this case the rook would have had to stay on a8 instead
of joining the attack.}) 16. a4 f5 17. c5 (17. a5 {was an important
alternative. All of a suden the white rooks are optimally placed while Black's
optically excellent coordination is marred by White's play along the a-file.}
Rf6 18. axb6 Rg6 $5 19. Kh1 axb6 20. Ra7 $14) 17... dxc5 18. bxc5 Ne6 19. Bc4
$2 {Hard to believe that Mamedyarov blundered Black's obvious answer. It looks
more probable that he evaluated the resulting position wrongly.} ({Better was} 
19. Qc4 $1 bxc5 20. Ba3 $14 {when Black would have serious structural problems.
}) 19... Rd8 20. Bxe6+ Qxe6 21. Qxd8 Rxd8 22. Rxd8+ Kf7 $15 {Strictly speaking,
White has won a small amount of material, but his delay in development makes
the queen stronger than the two rooks. Besides, the presence of
opposite-coloured bishops offers Black chances for an attack.} 23. Rd1 {
Quite passive, but it was not easy to complete the development.} (23. Bd2 $2 {
runs into the double attack} Qf6 $1 24. Rd7+ Ke8 25. Rd1 Bxf3 26. gxf3 Qg6+ 27.
Kf2 Kxd7 $19) (23. Bb2 {is not by much better:} Qxe3+ 24. Kh1 Qe2 25. Rd7+ Ke6
26. Rxc7 Bxf3 27. gxf3 Qxb2 $17) (23. Ba3 {may have offered the best chances
for survival in a worse position.} Bxf3 $5 (23... Qxe3+ 24. Kh1 g5 {is also
promising}) 24. gxf3 Qxe3+ 25. Kh1 Qxf3+ 26. Kg1 Qe3+ 27. Kh1 f4 $15 {The
queen is likely to cause a lot of problems to the white uncoordinated army,
but the game is very much on.}) 23... bxc5 {Creating a dangerous passed pawn,
while its colleague on c7 can prove useful in certain moments, too.} 24. Re1 c4
25. Bd2 g5 $1 {Black is attacking with simple moves, while White is just
trying to get a decent coordination.} 26. Bc3 g4 27. fxg4 Qe4 28. Ra2 Qd3 $5 (
28... fxg4 $17 {[%cal Gh7h5,Gh5h4,Gh4h3]}) 29. Ba1 $2 {Very passive.} (29. Bd4
$5 {looks more natural, but it is not entirely satisfactory either:} h5 $3 (
29... fxg4 {is of course good for maintaining an advantage but the main move
is even stronger.}) ({The point is that after} 29... c3 $2 30. Rc1 $11 c5 31.
Bxc5 {the double attack} Qd5 {is ineffective due to} 32. Rf2 $3 $16) {The main
move forces White to release the latent pressure on f5:} 30. gxh5 c3 31. Rc1 c5
$1 32. Bxc5 Qd5 $19) 29... c3 30. Rf2 Be4 31. Rc1 c2 {With all his pieces
passive, White cannot fight against the passed pawn and defend g2 properly.} (
31... c2 {For instance:} 32. gxf5 Qd1+ 33. Rf1 Qd2 $19) 0-1